000 00669nam a2200193Ia 4500
008 151121s9999||||xx |||||||||||||| ||und||
082 _a025-/कोल्हट
082 _bHNW-26417
100 _aकोल्हटकर वा।पु।
245 _aसंदर्भ साह्य
260 _b"महाराष्ट्र ग्रथालय संघ, मुंबई"
260 _c--
300 _a106
600 _aकोल्हटकर वा।पु।
630 _aसंदर्भ साह्य
700 _aकोल्हटकर वा।पु।
730 _aसंदर्भ साह्य
942 _cBOOK
999 _c1223049
_d1223046